| 000 | 00672nam a2200181Ia 4500 | ||
|---|---|---|---|
| 008 | 100920s9999 xx 000 0 und d | ||
| 082 |
_b61684 _a28 व 891,464 थ 93 |
||
| 100 | _aशेवडेगुरुजी रा.वा. | ||
| 245 | _aतोची दिवाळी दसरा. | ||
| 260 |
_bशेवडेगुरुजी रा.वा.,कोल्हापूर. _c1993 |
||
| 300 |
_a20 _bसाधी |
||
| 365 | _b4 | ||
| 520 | _aबा.वि.निबंध. | ||
| 630 | _aतोची दिवाळी दसरा. | ||
| 650 | _aबा.वि.निबंध. | ||
| 730 | _aतोची दिवाळी दसरा. | ||
| 942 | _cBOOK | ||
| 999 |
_c704842 _d704839 |
||